[Event "Buenos Aires Sicilian"]
[Site "Buenos Aires"]
[Date "1994.10.16"]
[Round "4"]
[White "Ivanchuk, Vassily"]
[Black "Karpov, Anatoly"]
[Result "0-1"]
[WhiteElo "2695"]
[BlackElo "2780"]
[Annotator "Boensch,U"]
[PlyCount "104"]
[EventDate "1994.10.12"]
[EventType "tourn"]
[EventRounds "14"]
[EventCountry "ARG"]
[EventCategory "18"]
[SourceTitle "CBM 044"]
[Source "ChessBase"]
[SourceDate "1995.02.01"]
[SourceVersion "1"]
[SourceVersionDate "1995.02.01"]
[SourceQuality "1"]

1. e4 {Ftacnik} c5 2. Nf3 e6 3. d4 cxd4 4. Nxd4 Nc6 5. Nc3 Qc7 (5... a6 6. Be2
d6 7. O-O Nf6 8. Be3 Be7 9. f4 O-O 10. Qe1 Nxd4 11. Bxd4 b5 12. a3 Bb7 13. Qg3
Bc6 14. Rad1 Qc7 15. Bf3 Rad8 16. Kh1 Kh8 17. Rd3 a5 18. b4 axb4 19. axb4 Qb7
20. Re3 Rg8 $14 {Ljubojevic,L-Karpov,An Buenos Aires Sicilian (10) 1994 1/2 32
- CBM 44}) 6. Be2 a6 7. O-O Nf6 8. Kh1 (8. Be3 Be7 9. f4 d6 10. Qe1 O-O 11. Qg3
Nxd4 12. Bxd4 b5 13. a3 Bb7 14. Rae1 Bc6 15. Bd3 Rae8 16. Qh3 e5 17. Be3 Qd7
18. Qxd7 Bxd7 $10 {Polgar,J-Portisch,L Monaco Veterans-Women (11) 1994 1/2 53})
8... Be7 9. f4 d6 10. Be3 O-O 11. Qe1 Bd7 12. Qg3 Kh8 (12... b5 13. Bd3 b4 14.
Nce2 g6 15. f5 Nxd4 16. Nxd4 e5 17. fxg6 fxg6 18. Nf5 $16 {Losev,D-Shulman,Y
St.Petersburg op (06) 1994 1-0 28}) (12... Nxd4 {Ftacnik} 13. Bxd4 b5 14. a3
Bc6 15. Rae1 Qb7) 13. Rad1 (13. Bf3 Rac8 14. Rad1 b5 15. a3 Nxd4 16. Bxd4 Bc6
17. Rd3 Qb7 18. b4 Rg8 19. e5 Ne4 20. Nxe4 Bxe4 21. c3 $14 {Karpov,
An-Ljubojevic,L Buenos Aires Sicilian (03) 1994 1-0 46 - CBM 44}) (13. Nf3 Nb4
14. e5 dxe5 15. fxe5 Nfd5 16. Bg5 f6 17. Nxd5 Nxd5 18. c4 fxg5 19. cxd5 exd5
20. Nxg5 $10 {Varavin,V-Shestoperov,A Smolensk 1991}) 13... Rac8 (13... Rae8
14. a3 Bd8 (14... Bc8 15. Rfe1 (15. Nxc6 $5 Qxc6 (15... bxc6 16. e5 $36) 16.
Bd4 $14) 15... Nd7 16. Qf2 Na5 17. Nb3 Nc4 18. Bxc4 Qxc4 19. Bd4 e5 20. Be3 f5
$10 {Stefanovski,D-Antic,D JUG-ch (11) 1991 0-1 39}) 15. Nf3 Ne7 16. Bd3 Ng6
17. e5 dxe5 18. fxe5 (18. Bxg6 $5 hxg6 19. fxe5 $36) 18... Nd5 19. Nxd5 exd5
20. Bd4 Bb5 21. Bxb5 axb5 $14 {Ermenkov,E-Semkov,S BLG-ch (01) 1992 1-0 39})
14. Nf3 Nb4 $1 (14... b5 {Ftacnik} 15. e5 $1) 15. Ne1 (15. e5 dxe5 (15... Nfd5
{Ftacnik} 16. Bd4 f6 17. Nxd5 Nxd5 18. c4 Nb4 19. exf6 Bxf6 20. Bxf6 $14) (
15... Nh5 {Ftacnik} 16. Qh3 Nxc2 17. Bc1 $13) 16. fxe5 Nfd5 17. Nxd5 (17. Bg5
Bc6 (17... Nxc3 $2 18. bxc3 Nc6 19. Qh4 Rce8 20. Bd3 h6 21. Qe4 $18) 18. Nxd5
Nxd5 19. c4 $14) 17... Nxd5 18. Bg5 $10) 15... b5 (15... d5 {Ftacnik} 16. a3
Nc6 17. exd5 Nxd5 18. Nxd5 exd5 19. Rxd5 Be6 $44) 16. a3 Nc6 17. e5 (17. Nf3 {
Ftacnik} b4 18. axb4 Nxb4 $15) 17... dxe5 (17... Ne8 $5 {Ftacnik}) 18. fxe5
Qxe5 19. Bf4 Qc5 20. Be3 Qe5 21. Rxf6 $1 (21. Bf4 Qc5 22. Be3 $10) (21. Qxe5
Nxe5 22. Bd4 Bd6 23. Nf3 (23. Bxe5 $2 Bxe5 24. Rxf6 Bxf6 25. Rxd7 Bxc3 26. bxc3
Rxc3 $19) 23... Nxf3 24. Bxf6 (24. Rxf3 Nd5 $17) (24. Bxf3 $2 e5 $19) 24...
Nxh2 25. Rxd6 Nxf1 26. Bxf1 gxf6 27. Rxd7 Kg7 $17) 21... Qxg3 22. hxg3 Bxf6 23.
Rxd7 $14 Kg8 (23... Bxc3 $2 24. bxc3 Ne5 25. Ra7 Rxc3 26. Bd4 Rxa3 (26... Nc6
$6 27. Rxf7 $1 Rxf7 28. Bxc3) 27. Bxe5 (27. Bc5 $2 Ra1 $19) 27... Re3 28. Bd6
Rc8 (28... Rd8 {Ftacnik} 29. Bd3 Rxe1+ 30. Kh2 Kg8 31. Rxa6 $17) 29. Bd3 Rxe1+
30. Kh2 $1 $16) 24. Nd1 Rfd8 $1 (24... Ne5 {Ftacnik} 25. Ra7 Rfd8 26. Rxa6 Nc4
27. Bc1 $13) 25. Rxd8+ Rxd8 26. Nf3 h5 (26... Nd4 {Ftacnik} 27. Nxd4 Bxd4 28.
Bxd4 Rxd4 29. Bd3 $10) 27. Kg1 Ne7 28. Bd3 Nd5 (28... Nf5 {Ftacnik} 29. Bf4 g6
30. Kf2 Kg7 $15) 29. Bd2 Be7 30. Kf2 Bc5+ 31. Ke2 Bd6 32. c4 $2 (32. Be1 $14)
32... bxc4 33. Bxc4 Bxg3 34. Bxa6 Nf4+ (34... Bf4 {Ftacnik} 35. Ne3 $1) 35.
Bxf4 Bxf4 $10 36. Ne3 (36. b4 g5 $15) (36. Nf2 Bc1 37. Nd3 Bxb2 38. Nxb2 Ra8
39. Bc4 Rxa3 40. Nd3 $14) 36... g5 37. Nd2 f5 $1 38. a4 Kf7 (38... g4 {Ftacnik}
39. a5 Ra8 40. Bc4) 39. Ndc4 (39. Bc4 h4 40. a5 g4 41. b4 h3 42. gxh3 gxh3 $17)
39... Rb8 $1 40. Nc2 $2 (40. Bb5 g4 41. Bc6 $15 (41. b4 {Ftacnik})) 40... g4
41. Nd4 h4 42. Nc6 Ra8 43. Bb5 h3 $19 (43... Kf6 $1 {Ftacnik} 44. Nb6 h3 $1 45.
gxh3 gxh3 46. Nd7+ Kg5 47. Nce5 Bxe5 48. Nxe5 Kf4 $19) 44. gxh3 gxh3 45. N6e5+
Kf6 46. Nd7+ Ke7 47. Ndb6 Rh8 48. Bc6 h2 49. a5 (49. Bh1 {Ftacnik} Rg8 $19)
49... Bb8 50. a6 Kd8 51. Bh1 Rg8 52. Ne5 Kc7 (52... Kc7 53. Na8+ Kd6 54. Nc6
Rg1 55. Bf3 e5 56. Nxb8 e4 $18) 0-1

[Event "Buenos Aires Sicilian"]
[Site "Buenos Aires"]
[Date "1994.10.23"]
[Round "9"]
[White "Ivanchuk, Vassily"]
[Black "Ljubojevic, Ljubomir"]
[Result "1-0"]
[WhiteElo "2695"]
[BlackElo "2580"]
[Annotator "Ribli,Z"]
[PlyCount "75"]
[EventDate "1994.10.12"]
[EventType "tourn"]
[EventRounds "14"]
[EventCountry "ARG"]
[EventCategory "18"]
[SourceTitle "CBM 044"]
[Source "ChessBase"]
[SourceDate "1995.02.01"]
[SourceVersion "1"]
[SourceVersionDate "1995.02.01"]
[SourceQuality "1"]

1. e4 c5 2. Nf3 Nc6 3. d4 cxd4 4. Nxd4 e6 5. Nc3 Qc7 6. Be3 a6 7. Bd3 Nf6 8.
O-O Nxd4 (8... Ne5 9. h3 Bc5 10. Kh1 d6 11. f4 Ned7 12. a3 $5 O-O 13. Qe1 $14 {
Kasparov,G-Ivanchuk,V/Novgorod/1994/CBM43/}) 9. Bxd4 Bc5 10. Bxc5 $5 (10. Be2
d6 11. Qd2 b5 12. Rad1 Bb7 $10 {Golubev,M-Tregubov,P/Alushta2/1994/CBM41/})
10... Qxc5 11. Kh1 (11. Na4 Qc7 12. c4 b6 13. Qe2 Bb7 14. Rac1 d6 15. Qe3 Nd7
16. Rfd1 O-O 17. Bf1 Rfd8 $10 {Anand,V-Ljubojevic,L/Linares/1991/CBM22/INF51,
182/}) (11. Qe2 d6 12. Kh1 O-O 13. f4 e5 14. Bc4 Be6 15. Bb3 Rac8 16. Qd3 b5
$10 {Saltaev,M-Tregubov,P/Volgograd/CBM41/}) 11... b5 12. Qd2 Bb7 13. Rae1 (13.
f4 b4 14. Na4 Qd4 $13) 13... Qd4 (13... d6 14. f4 $14) 14. f3 (14. e5 b4 15.
Na4 Ng4 $36) 14... h6 (14... Rc8 15. e5 Nd5 16. Ne4 (16. Nxd5 Bxd5 17. c3 Qc5
$13) 16... Qxe5 17. f4 Qc7 18. f5 $36) 15. e5 Nd5 16. Nxd5 (16. Ne4 Qxe5 17. f4
Qc7 18. f5 O-O-O $13) 16... Bxd5 17. c3 Qc5 18. Be4 Bxe4 19. Rxe4 Ra7 20. Rfe1
Ke7 (20... O-O 21. Rg4 Kh8 22. Ree4 $36) 21. Rg4 Rg8 22. Qf4 Qc7 (22... d5 23.
Rxg7 $1 Rxg7 24. Qf6+ Ke8 25. Qxg7 Qf2 26. Rg1 Qxb2 27. Qxh6 Qxc3 28. Qh8+ Ke7
29. h4 $14) 23. Rd1 $14 Rb7 24. h3 a5 25. a3 Rb6 26. Qg3 Kf8 27. Rgd4 Rb7 28.
f4 g5 29. Rf1 Rg6 (29... gxf4 30. Qxf4 Rg7 31. Qf6 $18) 30. Qd3 Qc6 31. f5 $1
exf5 32. Rxf5 Re6 33. Rd6 Qc4 (33... Rxd6 34. exd6 Qc4 35. Qf3 $16) 34. Qd1 Ke8
35. Qf3 Rxd6 36. exd6 Rb8 37. Rxg5 $1 hxg5 38. Qf6 1-0

[Event "Buenos Aires Sicilian"]
[Site "Buenos Aires"]
[Date "1994.10.30"]
[Round "14"]
[White "Shirov, Alexei"]
[Black "Ivanchuk, Vassily"]
[Result "0-1"]
[WhiteElo "2740"]
[BlackElo "2695"]
[Annotator "Boensch,U"]
[PlyCount "66"]
[EventDate "1994.10.12"]
[EventType "tourn"]
[EventRounds "14"]
[EventCountry "ARG"]
[EventCategory "18"]
[SourceTitle "CBM 044"]
[Source "ChessBase"]
[SourceDate "1995.02.01"]
[SourceVersion "1"]
[SourceVersionDate "1995.02.01"]
[SourceQuality "1"]

1. e4 c5 2. Nf3 d6 3. d4 cxd4 4. Nxd4 Nf6 5. Nc3 a6 6. Be3 e6 7. Be2 Qc7 8. g4
d5 $3 $15 (8... h6 9. Qd2 (9. a4 d5 10. exd5 exd5 11. h4 Bb4 12. Kf1 Nc6 13.
Kg2 Bxc3 14. bxc3 Ne4 $10 {Makarichev,S-Beliavsky,A USSR(ch) 1978}) (9. f4 Nc6
(9... e5 $6 10. Nf5 g6 11. Ng3 exf4 12. Bxf4 Be6 13. Qd2 $6 (13. Qd4 $1 $14)
13... Nbd7 14. O-O-O O-O-O $10 {Shirov,A-Ftacnik,L Pardubice (05) 1994 1/2 42})
10. g5 hxg5 11. fxg5 Nxd4 12. Bxd4 Nd7 13. Qd2 b5 14. a3 Bb7 15. O-O-O O-O-O {
Koka,O-Arakhamia,K Bern op (9) 1991 0-1 39}) 9... b5 10. a3 Bb7 11. f3 Nbd7 12.
O-O-O d5 13. exd5 Nxd5 14. Nxd5 Bxd5 15. Rhe1 Bc5 16. Bxb5 axb5 17. Nxb5 Qc6
18. Bxc5 $18 {Nevedmichy,V-Timoshenko,G Bucharest 1993 1-0 34}) (8... b5 9. g5
Nfd7 10. a3 Bb7 (10... Nb6 11. f4 (11. Qd2 N8d7 12. O-O-O Nc4 13. Bxc4 Qxc4 14.
f4 Rb8 15. Kb1 b4 16. axb4 Qxb4 17. Nb3 Be7 18. Qd4 Qxd4 19. Bxd4 O-O 20. Na5
$16 {Nevedmichy,V-Itkis,B Bucharest Ciocaltea (06) 1994 1-0 45}) 11... N8d7 12.
f5 Ne5 13. fxe6 fxe6 14. O-O Nbc4 15. Bc1 Be7 $10 {Gipslis,A-Peshina,G USSR
1985}) 11. h4 (11. f4 $5) 11... Nb6 12. h5 N8d7 13. Rg1 Nc4 14. Bxc4 Qxc4 15.
Qd2 b4 16. axb4 Qxb4 17. f4 Nc5 $17 {Lanka,Z-Schlosser,P Nettetal (11) 1992
0-1 32}) 9. exd5 (9. g5 $2 Nxe4 10. Nxe4 dxe4 $17) 9... Bb4 $1 10. dxe6 Bxc3+
11. bxc3 Qxc3+ 12. Kf1 fxe6 13. Nb3 (13. Kg2 O-O $15) 13... Nd5 14. Qd4 (14.
Bd4 Qh3+ 15. Kg1 O-O 16. Qd3 Nf4 17. Qxh3 Nxh3+ 18. Kf1 b6 19. Bxb6 Bb7 20. f3
Rxf3+ 21. Bxf3 Bxf3 $17) 14... Qc7 15. Bd3 Nc6 (15... O-O $5) 16. Qe4 Ne5 $6 (
16... Nf6 17. Qa4 Bd7 18. Nc5 O-O $15) 17. Bc5 $1 Bd7 18. Re1 Nxd3 19. cxd3 Nf4
$1 {/\ Bb5} 20. Nd4 Qxc5 (20... O-O-O $4 21. Rc1 $18) 21. Qxf4 Rf8 22. Qe4 $2 (
22. Nxe6 Bxe6 23. Rxe6+ Kd7 24. Qe3 Rac8 $10) 22... O-O-O $15 23. Re2 (23. Kg2
$4 Bc6 24. Nxc6 Qxf2+ 25. Kh3 Rf3+ $19) 23... Kb8 24. Rg1 $2 (24. Kg2 Bc8 (
24... e5 $2 25. Rb1 $16) (24... Qxd4 25. Qxd4 Bc6+ 26. Qe4 Bxe4+ 27. dxe4 $10)
25. Nxe6 Bxe6 26. Qxe6 Rxd3 27. Rb1 $10) 24... Qc7 25. Nxe6 (25. Qxh7 $5) 25...
Bxe6 26. Qxe6 Qxh2 27. Qe3 Ka8 $1 $17 28. Rg3 Rc8 29. Rg2 Qh1+ 30. Rg1 Qh4 31.
Rg2 $2 (31. Qg3 $17) 31... Rf3 $1 $19 32. Qd2 Qh1+ (32... Rxd3 33. Qxd3 Qh1+
34. Rg1 Rc1+ 35. Re1 Rxe1+ 36. Kxe1 Qxg1+ $19) 33. Rg1 Qh3+ (33... Qh3+ 34. Rg2
Rxd3 35. Qe1 Rdc3 $19) 0-1

[Event "Olympiad-31"]
[Site "Moscow"]
[Date "1994.12.09"]
[Round "8.1"]
[White "Ivanchuk, Vassily"]
[Black "Illescas Cordoba, Miguel"]
[Result "1/2-1/2"]
[WhiteElo "2695"]
[BlackElo "2590"]
[Annotator "Stohl,I"]
[PlyCount "53"]
[EventDate "1994.12.01"]
[EventType "team-swiss"]
[EventRounds "14"]
[EventCountry "RUS"]
[SourceTitle "CBM 045"]
[Source "ChessBase"]
[SourceDate "1995.04.01"]
[SourceVersion "1"]
[SourceVersionDate "1995.04.01"]
[SourceQuality "1"]
[WhiteTeam "Ukraine"]
[BlackTeam "Spain"]
[WhiteTeamCountry "UKR"]
[BlackTeamCountry "ESP"]

1. d4 {Ernst} Nf6 2. c4 c5 3. d5 b5 4. cxb5 a6 5. bxa6 g6 6. g3 d6 7. Bg2 Bg7
8. Nf3 Bxa6 (8... Nxa6 $5 9. Nc3 O-O 10. O-O Qb6 11. Nd2 Nc7 12. Rb1 Nd7 13.
Qc2 Ba6 14. a3 Rfb8 15. Re1 Qb7 16. b3 Bxc3 17. Qxc3 Nxd5 18. Qc2 Bb5 19. e4
Nc7 20. Bb2 Bc6 21. b4 Ba4 22. Qc3 e5 23. Qe3 cxb4 24. axb4 Qa7 $10 {Hansen,
LB-Cramling,P/Biel Mixed/1991/}) 9. O-O Nbd7 10. Nc3 Nb6 $1 (10... O-O 11. Qc2
Nb6 12. Rd1 $14) 11. Nd2 (11. Re1 O-O 12. Bf4 Nh5 13. Bg5 h6 14. Bc1 Nf6 15.
Rb1 Bc4 16. e4 Bxa2 17. Nxa2 Rxa2 18. e5 Nfxd5 19. e6 Ra4 $5 $13 {Van der
Sterren,P-Hertneck,G/BL 9495/1994/}) 11... O-O 12. Qc2 Ra7 (12... Qd7 $5 13.
Rd1 Qb7 $132) (12... Bb7 {Ernst} 13. e4 (13. Qd3 Ba6 14. Qc2 $10) 13... Ba6 14.
Rd1 Ng4 15. Nf3 Nc4 16. h3 Nge5 17. Nxe5 Nxe5 18. b3 Qa5 19. Bb2 c4 $44 {
Ginting,N-Ernst,T/Gausdal/1992}) 13. Rd1 Qa8 14. Nf1 (14. e4 Ng4 $44) 14... Bb7
$1 (14... Rb8 {Ernst} 15. b3 Nbd7 16. Rb1 $14 {Van Der Sterren,A-Miles,A/
London/1981}) 15. e4 Na4 $44 16. Ne3 $6 (16. Nxa4 Rxa4 17. b3 (17. a3 e6 $5 18.
Ne3 exd5 19. exd5 Rd4 $44) 17... Rxe4 $5 (17... Ra6 18. Bb2 $14) 18. Bxe4 Nxe4
19. Qxe4 (19. Bb2 Bxb2 20. Qxb2 Bxd5 {->/^a8-h1} 21. h4 Bb7 22. Re1 e5 $6 23.
Rad1 Qa6 24. Re3 Qc6 25. f3 Nf6 26. Red3 Re8 27. Ne3 Qxf3 28. Nd5 Qf5 29. Nxf6+
Qxf6 30. Rxd6 Qf3 31. Kh2 Re7 32. Re1 $16 {Rechlis,G-Mikac,M/Ostrava/1991/})
19... Bxa1 20. Bh6 Bg7 (20... Qxa2 $2 21. Qxe7 Rb8 22. Qc7 $18) (20... Bd4 21.
Rxd4 $5 cxd4 22. Qxd4 f6 23. Bxf8 Kxf8 24. Ne3 Qxa2 25. b4 $14) 21. Bxg7 Kxg7
22. Qxe7 Bxd5 23. Qxd6 Bf3 $44) 16... Nxc3 17. bxc3 Ra4 {><a2,c3,e4} 18. Bd2
Bc8 $1 19. h3 (19. c4 Ng4 $17) 19... Nd7 20. Bf1 Ne5 21. Be2 (21. Bb5 $6 Ra3 {
/\Nf3-+}) 21... Ba6 $5 (21... Bxh3 $2 22. f4 Nd7 23. Kh2 $18) 22. c4 $1 (22.
Bxa6 $2 Qxa6 $17 {/\Nf3}) (22. Qxa4 Bxe2 23. Qxa8 (23. Qc2 Bd3 $5 24. Qc1 Bxe4
$40) 23... Rxa8 24. Re1 (24. f4 Nf3+ 25. Kf2 Bxd1 26. Rxd1 Nxd2 27. Rxd2 Bxc3
28. Rc2 Bd4 $17) 24... Nf3+ 25. Kg2 Nxe1+ 26. Bxe1 (26. Rxe1 Bd3 $17) 26... Ra3
$15) 22... Ra3 23. Kg2 (23. Bc1 Rc3 $1 $17) 23... Nd7 24. h4 $5 (24. Rab1 Bc8
$15) 24... Bc8 (24... Bxa1 25. Rxa1 Bc8 26. Bc1 $44) 25. h5 Qa4 $5 (25... Bxa1
$6 26. Rxa1 Qa4 27. Qb2 $36 {/\Ng4,Bc1}) 26. hxg6 hxg6 27. Rac1 (27. Rac1 Rxa2
28. Qxa4 Rxa4 29. Bc3 $10) 1/2-1/2

[Event "Yalta rapid"]
[Site "Yalta"]
[Date "1995.??.??"]
[Round "6"]
[White "Kortschnoj, Viktor Lvovich"]
[Black "Ivanchuk, Vassily"]
[Result "0-1"]
[WhiteElo "2635"]
[BlackElo "2700"]
[PlyCount "108"]
[EventDate "1995.??.??"]
[EventType "tourn (rapid)"]
[EventRounds "6"]
[EventCountry "UKR"]
[EventCategory "16"]
[SourceTitle "CBM 047 Extra"]
[Source "ChessBase"]
[SourceDate "1995.09.01"]
[SourceVersion "1"]
[SourceVersionDate "1995.09.01"]
[SourceQuality "1"]

1. d4 Nf6 2. c4 e6 3. Nc3 Bb4 4. e3 c5 5. Bd3 Nc6 6. Nge2 cxd4 7. exd4 d5 8.
O-O dxc4 9. Bxc4 O-O 10. a3 Bd6 11. Qd3 b6 12. Rd1 h6 13. Ne4 Bb7 14. Nxd6 Qxd6
15. Bf4 Qd7 16. Qh3 Nd5 17. Bxh6 gxh6 18. Qxh6 Nce7 19. Rd3 Nf5 20. Qg5+ Ng7
21. Rh3 Rac8 22. Qh6 f6 23. Qh7+ Kf7 24. Rg3 Rg8 25. Qg6+ Kf8 26. Bxd5 Bxd5 27.
Qxf6+ Qf7 28. Qe5 Nf5 29. Rxg8+ Kxg8 30. Nc3 Qg7 31. Nxd5 Qxe5 32. dxe5 exd5
33. Rd1 Kf7 34. g4 Ne7 35. f4 Rc4 36. Rf1 Ng6 37. e6+ Ke7 38. f5 Rxg4+ 39. Kh1
Rf4 40. Rg1 Nh4 41. Rg7+ Kf8 42. Rf7+ Ke8 43. Kg1 Nxf5 44. Rxa7 Ne3 45. h4 Rxh4
46. Kf2 Nd1+ 47. Kf3 Re4 48. Rd7 Ne3 49. Ra7 Rxe6 50. a4 d4 51. a5 bxa5 52.
Rxa5 d3 53. Ra8+ Ke7 54. Ra7+ Kd6 0-1

[Event "Amber-blindfold 04th"]
[Site "Monte Carlo"]
[Date "1995.??.??"]
[Round "7"]
[White "Ivanchuk, Vassily"]
[Black "Polgar, Judit"]
[Result "1/2-1/2"]
[WhiteElo "2700"]
[BlackElo "2630"]
[PlyCount "117"]
[EventDate "1995.03.??"]
[EventType "tourn (rapid)"]
[EventRounds "11"]
[EventCountry "MNC"]
[EventCategory "18"]
[SourceTitle "CBM 046 Extra"]
[Source "ChessBase"]
[SourceDate "1995.07.01"]
[SourceVersion "1"]
[SourceVersionDate "1995.07.01"]
[SourceQuality "1"]

1. d4 Nf6 2. Nf3 g6 3. c4 Bg7 4. g3 O-O 5. Bg2 d6 6. Nc3 Nc6 7. O-O a6 8. d5
Na5 9. Nd2 c5 10. Qc2 Rb8 11. b3 e5 12. Bb2 b5 13. Rae1 Bd7 14. Nd1 Bh6 15. Bc3
Nh5 16. e3 Bf5 17. e4 Bd7 18. Ne3 b4 19. Bb2 Qe7 20. Qd1 Rbe8 21. f4 exf4 22.
Nf5 Bxf5 23. exf5 Qd8 24. Ne4 Bg7 25. Bxg7 Nxg7 26. Qa1 f6 27. fxg6 hxg6 28.
gxf4 Nb7 29. f5 gxf5 30. Ng3 Re5 31. Bh3 Qe8 32. Nxf5 Qh5 33. Ne7+ Kf7 34. Nc6
Qxh3 35. Nxe5+ dxe5 36. Qxe5 Kg6 37. Qe4+ f5 38. Qf4 Nh5 39. Re6+ Rf6 40. Rxf6+
Nxf6 41. d6 Qg4+ 42. Qxg4+ fxg4 43. Re1 Nxd6 44. Re6 Nde4 45. Rxa6 Kf5 46. a3
bxa3 47. Rxa3 Ke5 48. b4 cxb4 49. Rb3 Nh5 50. Rxb4 Nf4 51. Rb8 Ne6 52. c5 N6xc5
53. h4 Nf6 54. h5 Nce4 55. h6 Kf5 56. Rb2 Kf4 57. h7 Nxh7 58. Rg2 Ng3 59. Kh2
1/2-1/2

[Event "Linares 13th"]
[Site "Linares"]
[Date "1995.03.09"]
[Round "7"]
[White "Beliavsky, Alexander G"]
[Black "Ivanchuk, Vassily"]
[Result "0-1"]
[WhiteElo "2650"]
[BlackElo "2700"]
[Annotator "Dautov,R"]
[PlyCount "75"]
[EventDate "1995.03.01"]
[EventType "tourn"]
[EventRounds "13"]
[EventCountry "ESP"]
[EventCategory "17"]
[SourceTitle "CBM 046"]
[Source "ChessBase"]
[SourceDate "1995.06.01"]
[SourceVersion "1"]
[SourceVersionDate "1995.06.01"]
[SourceQuality "1"]

1. d4 {Ftacnik} f5 2. g3 Nf6 3. Bg2 g6 4. Nc3 d5 (4... Bg7 5. e4 (5. Bg5 Nc6 $5
) 5... fxe4 6. Nxe4 Nxe4 7. Bxe4 d5 8. Bg2 Nc6 9. Ne2 Bg4 10. c3 e5 $10) 5. Bg5
c6 6. f3 $6 (6. Qd2 {>=} Na6 $6 (6... Bg7 $142) (6... Bg7 {Ftacnik} 7. O-O-O)
7. f3 Be6 8. Nh3 Qd7 9. Nf4 O-O-O 10. O-O-O Bg7 11. Rhe1 Rhe8 12. Bh3 Bg8 13.
e4 $16 {Averbakh-Ozols/Adelaide/1960}) 6... Qb6 7. e4 (7. Na4 Qa5+ 8. c3 Bg7
$10) 7... fxe4 (7... Qxb2 8. Nge2 fxe4 9. fxe4 Nxe4 10. Nxe4 dxe4 11. O-O $44)
8. fxe4 dxe4 9. Nge2 (9. Bxf6 $2 exf6 10. Nxe4 f5 11. Nf6+ $2 Kf7 $19) (9. Nxe4
Nxe4 10. Bxe4 Bg7 11. Qe2 {/\Bxg6} (11. Nf3 O-O 12. O-O e5 $15) (11. Nf3 {
Ftacnik}) (11. Ne2 $6 O-O 12. Bxe7 $2 Re8 13. Bc5 Qa5+ 14. b4 Qc7 15. Qd3 b6
$19) 11... O-O 12. c3 Nd7 (12... Bf5 13. Bxf5 Rxf5 14. Bxe7 $6 Nd7 $36) 13. Nf3
Nf6 $10) 9... Bf5 10. h3 (10. Qd2 {Ftacnik} Nbd7 11. O-O-O $13) 10... Nbd7 11.
Qd2 (11. g4 Be6 12. Nxe4 Bd5 (12... O-O-O {Ftacnik} 13. O-O $13) 13. N2c3 Nxe4
14. Bxe4 Bxe4 15. Nxe4 O-O-O $10) 11... O-O-O 12. O-O-O Ne5 $1 (12... Bg7 $5
$13 {Ftacnik}) 13. Na4 Qa6 14. Nec3 (14. Nc5 {Ftacnik} Qxa2 15. Qb4 b6 (15...
Qa1+ 16. Kd2 Qa5 17. Qxa5 Nc4+ 18. Kc3 Nxa5 19. Bxf6 exf6 $13) 16. Nc3 Qa1+ 17.
Kd2 Qa5 $1 $17) 14... Nf7 (14... Nf3 15. Bxf3 exf3 16. g4 (16. Nc5 $40 {Ftacnik
}) 16... Ne4 17. Nxe4 Bxe4 18. Nc3 Bd5 19. Kb1 $10 {/\Qe3}) (14... Nc4 {Ftacnik
} 15. Qe2 $1) 15. Nc5 (15. g4 $5 {Ftacnik} Nxg5 16. Qxg5 h5 17. Qh4 g5 18. Qf2
Bg6 $13) 15... Qb6 16. Kb1 (16. g4 $2 Nxg5 17. Qxg5 h5 18. Kb1 Bh6 19. Qh4 hxg4
20. hxg4 Bxg4 $17) (16. N3xe4 Nxg5 (16... Bxe4 17. Nxe4 (17. Bxe4 $2 Qxc5 18.
Bxf6 Qc4 $17) 17... Nxe4 18. Bxe4 Bg7 19. Be3 Nd6 20. Qd3 Qa5 21. Kb1 e5 $15)
17. Nxg5 (17. Qxg5 h5 $17) 17... Bh6 $17 {/\e5}) (16. Be3 {Ftacnik} e5 17.
N5xe4 Nxe4 18. Nxe4 Bxe4 19. Bxe4 exd4 20. Bxd4 Bc5 21. Bxc5 Qxc5 22. Qf4 $10)
16... Nxg5 17. Qxg5 h5 18. Bxe4 $8 (18. N3xe4 Bh6 19. Qh4 Bxe4 20. Nxe4 (20.
Bxe4 $4 g5 $19) 20... Rxd4 $17 {/\} 21. Nd6+ Rxd6 22. Rxd6 Qf2 $19) (18. Qf4 {
Ftacnik} Bh6 19. Qe5 e3 20. Qxe7 Rhf8 $44) 18... Nxe4 19. N3xe4 Bh6 $1 (19...
Bg7 $6 {Ftacnik} 20. Qxe7 Bxd4 (20... Qc7 21. Qxc7+ Kxc7 22. Ng5 $1 Rhe8 23. g4
hxg4 24. hxg4 Bxg4 25. Rh7 Bxd1 26. Rxg7+ $36) 21. Nb3 $1 Rd7 (21... Qc7 22.
Qxc7+ Kxc7 23. Nxd4 Bxe4 24. Ne6+ $16) 22. Nd6+ Kb8 23. Qe2 Rxd6 24. Rxd4 $1
Qc7 $10 (24... Rxd4 25. Qe5+)) 20. Qxe7 (20. Qh4 $5 {Ftacnik}) 20... Qc7 21.
Qxc7+ Kxc7 {/\b6} 22. Nc3 $2 (22. Nf6 $1 Rhf8 (22... b6 23. g4 hxg4 24. hxg4
bxc5 25. gxf5 gxf5 26. Rh5 $10) (22... Bg7 23. g4 hxg4 24. hxg4 $10) 23. g4
Bxc2+ 24. Kxc2 Rxf6 25. gxh5 gxh5 26. Rhe1 $10) 22... Be3 23. Rde1 (23. Nb3 {
Ftacnik} Bf2 $17) 23... Rde8 $1 (23... Bxd4 {Ftacnik} 24. Ne6+ Bxe6 25. Rxe6
$15) 24. Nb3 Bf2 $17 25. Rxe8 Rxe8 26. g4 hxg4 27. hxg4 Bxg4 28. Rh7+ Kd6 29.
a4 (29. Rxb7 {Ftacnik} Re1+ 30. Nc1 Be3 $19) 29... Re7 30. Rh2 (30. Rxe7 {
Ftacnik} Kxe7 $17) 30... Be3 31. a5 Bf5 32. Ne2 Kd5 $1 33. Nc3+ (33. Ng3 Bf4
34. Re2 Rxe2 35. Nxe2 Be3 $17) 33... Kc4 34. Re2 Bg5 35. Rg2 (35. Rxe7 {Ftacnik
} Bxe7 $17) (35. Nd2+ {Ftacnik} Kb4 36. Rxe7 Bxe7 37. Nb3 g5 $17) 35... Bf4 36.
Ka2 g5 37. Rf2 b6 38. Ka3 $138 (38. Ka3 b5 $17) 0-1